000 02267cam a22005294i 4500
003 PE-LiUPU
005 20250731180141.0
008 150706s r 000 0 d
020 _a958806046X
035 _a(Sirsi) i9789588060460
040 _aPE-LiUPU
_bspa
_cPE-LiUPU
_erda
049 _aPRUA
082 0 4 _a519.5
_bZ76
_221
100 1 _aZimmermann, Francisco José P.,
_eautor.
245 1 0 _aEstadística para investigadores /
_cFrancisco José P. Zimmermann.
264 1 _aBogotá :
_bUniversidad de La Sabana,
_c2004.
300 _a423 páginas :
_bilustraciones ;
_c24 centímetros
336 _atext
_2rdacontent
337 _aunmediated
_2rdamedia
338 _avolume
_2rdacarrier
490 0 _aColección de matemáticas
505 0 _aEstadística e investigación -Diseño completamente al azar -- Bloques completos al azar -- Diseño en cuadro latino -- Diseños en bloques incompletos -- Diseños en reticulado -- Bloques aumentados de Federer (BAE) -- Ensayos factoriales -- Experimentos en parcelas divididas y sus variaciones -- Confusión en ensayos factoriales -- Análisis de grupo de experimentos -- Regresión y correlación -- Análisis de covarianza -- Experimentos factoriales fraccionados. Análisis de varianza y su uso para estudio de superficies de respuesta -- Estadística no paramétrica.
526 _aSEG44
526 _aSEG26
526 _aP159
526 _aP155
526 _aP154
526 _aP153
526 _aP150
526 _aP100
526 _aP31
526 _aP30
526 _aP26
526 _aP25
526 _aP24
526 _aP22
526 _aP15
526 _aP10
541 _g015-0011404;
650 0 4 _aEstadística matemática.
_91317
910 _agl
_bjv
_clch
_d20100412
942 _2ddc
_cBOOK
949 _a519.5 Z76
_wDEWEY
_c1
_i61302
_lCCODEBUL1
_mBUL
_p50.00
_r0
_sY
_tBOOK
_u2015-7-6
_xINGENIERIA
_zUNKNOWN
_0COMPRA
_o.STAFF. Colección General
994 _aC0
_bPEPRU
596 _a1
999 _a519.5 Z76
_wDEWEY
_c50562
_i61302
_d50562
_e2017-10-23
_f2021-11-5
_g7
_lCCODEBUL1
_mBUL
_n3
_p50.00
_r0
_sN
_tBOOK
_u2015-7-6
_xBIBLIOTECA
_zUNKNOWN
_0COMPRA
_o.STAFF. Colección General
980 _81
_gALBERTO SANCHEZ Responsable de Automatización